| 000 | 00585nam a2200181 i 4500 | ||
|---|---|---|---|
| 001 | 69341 | ||
| 003 | ES-MaACL | ||
| 005 | 20250505204017.0 | ||
| 007 | t| | ||
| 008 | 040705s1982 sp ||||1| spa d | ||
| 100 | 1 |
_aGarcía Becedas, Gabriel. _954245 |
|
| 245 | 1 | 0 |
_aDemocracia y relaciones laborales... / _cGabriel García Becedas ; prólogo de Luis Enrique de la Villa. |
| 260 |
_a[Madrid] : _bAkal, _c[1982] |
||
| 300 |
_a222 p. ; _c22 cm. |
||
| 700 | 1 |
_aVilla Gil, Luis Enrique de la, _d1935- _9114883 |
|
| 852 |
_aES-MaACL _jL-2786 _bR.103373 |
||
| 999 |
_c69341 _d69341 |
||